| 000 | 00740cam a2200217 a 4500 | ||
|---|---|---|---|
| 020 | _a0198564368 | ||
| 040 | _cDLC | ||
| 082 | 0 | 0 | _a333 OXF 1995 C155 Or. |
| 100 | 1 | _aRavindranath, N. H. | |
| 245 | 1 | 0 |
_aBiomass, energy, and environment : _ba developing country perspective from India / |
| 260 |
_aOxford ; _aNew York : _bOxford University Press, _c1995. |
||
| 300 |
_axiv, 376 p. : _bill. ; _c24 cm. |
||
| 650 | 0 | _aRenewable energy sources | |
| 650 | 0 | _aBiomass energy | |
| 650 | 0 | _aRenewable energy sources | |
| 650 | 0 | _aBiomass energy | |
| 700 | 1 | _aHall, D. O. | |
| 856 | 4 | 2 | _uhttp://www.loc.gov/catdir/enhancements/fy0606/95010584-d.html |
| 856 | 4 | 1 | _uhttp://www.loc.gov/catdir/enhancements/fy0606/95010584-t.html |
| 942 | _cAEDBB | ||
| 999 |
_c18809 _d18809 |
||